000 00376nam a2200109Ia 4500
008 171204s9999 xx 000 0 und d
245 _aMade by Robots: Challenging Architecture at a Larger Scale: Architectural Design
245 _cFabio Gramazio and Matthias Kohler
260 _c2014
650 _xTechnopreneurship
856 _uhttp://down.ebook777.com/014/9781118535486.pdf
999 _c345976
_d345976